Návrh monolitickej betónovej konštrukcie administratívnej budovy
Enregistré dans:
| Auteur principal: | |
|---|---|
| Autres auteurs: | |
| Format: | Manuscrit Livre |
| Langue: | slovaque |
| Publié: |
2015
|
| Sujets: | |
| Accès en ligne: | http://is.stuba.sk/zp/portal_zp.pl?podrobnosti=109774 https://opac.crzp.sk/?fn=detailBiblioForm&sid=E75B5E22D326BA6A98A391CFFF20 |
| Tags: |
Pas de tags, Soyez le premier à ajouter un tag!
|
MARC
| LEADER | 00000ntm a22000003a 4500 | ||
|---|---|---|---|
| 001 | stuzp51331 | ||
| 003 | SK-STU | ||
| 005 | 20231027140641.1 | ||
| 007 | ta | ||
| 008 | 150427s2015----xo-----f-mn---000-0-slo-d | ||
| 040 | |a STU |b slo | ||
| 041 | 0 | |a slo | |
| 100 | 1 | |a Pecník, Miroslav |u 010110 |4 aut |U SvF Stavebná fakulta |T SvF Katedra betónových konštrukcií a mostov |X 7355 |U V110 |Y 11 |7 A000007355 | |
| 242 | 0 | 1 | |a Monolithic administrative concrete structure design |y eng |
| 245 | 1 | 0 | |a Návrh monolitickej betónovej konštrukcie administratívnej budovy |
| 260 | |c 2015 | ||
| 650 | 4 | |a vodonepriepustnosť |2 slo | |
| 650 | 4 | |a monolit |2 slo | |
| 650 | 4 | |a železobetón |2 slo | |
| 650 | 4 | |a monolith |2 eng | |
| 650 | 4 | |a concrete |2 eng | |
| 650 | 4 | |a watertight |2 eng | |
| 700 | 1 | |a Bilčík, Juraj |4 ths |X 998 |7 A000000998 | |
| 856 | 4 | |u http://is.stuba.sk/zp/portal_zp.pl?podrobnosti=109774 | |
| 856 | 4 | |u https://opac.crzp.sk/?fn=detailBiblioForm&sid=E75B5E22D326BA6A98A391CFFF20 | |
| SQL | |a stuzp51331 |b DDP |c SLO |d Návrh monolitickej betónovej konštrukcie administratívnej budovy |e 7355 |f Pecník, Miroslav |g 010110 |h 998 |i Bilčík, Juraj |j 20150618 |k 682 |l 01 |m http://is.stuba.sk/zp/portal_zp.pl?podrobnosti=109774 |n I-IKD |o 5.1.5. inžinierske konštrukcie a dopravné stavby | ||